Sports Quiz

Random Sports or NBA Quiz

NBA MVPs (Regular Season & Finals) Quiz Stats

 Plays Quiz Updated Jun 27, 2018

Score 0/16 Timer 03:00
4 Plays Today
Finals Player % Correct
6Michael Jordan
97.7%
3LeBron James
95.4%
2Kobe Bryant
90%
3Magic Johnson
84.5%
3Shaquille O'Neal
84.3%
2Larry Bird
83.4%
3Tim Duncan
80.4%
2Kareem Abdul-Jabbar
75.4%
Finals Player % Correct
2Kevin Durant
74.5%
1Wilt Chamberlain
69.3%
2Hakeem Olajuwon
61.9%
1Dirk Nowitzki
52.8%
1Moses Malone
51.4%
1Bill Walton
25.9%
2Willis Reed
22.8%
1Wes Unseld
18.5%

You're not logged in!

Compare scores with friends on all Sporcle quizzes.
OR
Log In

Show Comments

Extras

Top Quizzes Today


Score Distribution

Your Account Isn't Verified!

In order to create a playlist on Sporcle, you need to verify the email address you used during registration. Go to your Sporcle Settings to finish the process.

Report this User

Report this user for behavior that violates our Community Guidelines.

Details: